| 000 | 01184cam a2200133 4500500 | ||
|---|---|---|---|
| 005 | 20260329023158.0 | ||
| 041 | _afre | ||
| 042 | _adc | ||
| 100 | 1 | 0 |
_aJullier, Laurent _eauthor |
| 245 | 0 | 0 | _aL'analyse de séquences |
| 260 |
_bArmand Colin,
_c2025. |
||
| 520 | _aComment analyser une séquence de film ? Qu’on s’y lance pour le plaisir ou dans le cadre d’un examen, il est prudent de partir bien équipé !Conçu comme une boîte à outils, ce livre fournit les bases indispensables à l’exercice d’analyse, en technique comme en esthétique. Chacun des outils est présenté à l’aide d’exemples de films puisés dans l’histoire du cinéma. Nul besoin d’être un cinéphile accompli pour se les approprier.Enfin des descriptifs d’épreuves, parmi celles qui comportent une analyse de séquence, sont fournis et commentés: l’option cinéma du bac et des agrégations de lettres et d’arts plastiques, les concours d’entrée à l’ENS (Lyon et Paris), à la Fémis, à Louis-Lumière et à l’INSAS (Bruxelles). | ||
| 856 | 4 | 1 | _uhttps://shs.cairn.info/l-analyse-de-sequences--9782200641313?lang=fr&redirect-ssocas=7080 |
| 999 |
_c1925271 _d1925271 |
||